000 00565nam a2200181 i 4500
001 91215
003 ES-MaACL
005 20230906180651.0
007 t|
008 050128s1962 sp ||||1| spa d
100 1 _aGorvatov, Boris Leontievich.
_959239
245 1 0 _aAgua grande
_b: (relatos del artico Soviético) /
_cBoris Leontievich Gorvatov ; traducción de Augusto Vidal.
260 _aBarcelona :
_bSeix Barral,
_c1962.
300 _a311 p. ;
_c18 cm.
700 1 _aVidal, Augusto.
_9185480
852 _aES-MaACL
_jC-22287
_bR.50962
999 _c91215
_d91215